000 00923nmm a2200277 a 4500
001 ocm000782563
003 TR-IsHL
005 20201028140016.0
008 131212s2007 tu tur
007 cr cn
020 _a9789944979139
035 _a782563
_b(N$T)
050 0 4 _aPL314.A285
_bS4419 2007
090 0 4 _aPL314.A285
_bS4419 2007
100 1 _aAbdullah, Kemal
245 1 0 _aBüyücüler deresi
_h[electronic resource] /
_cKemal Abdullah ; çev. Arif Hacaloğlu
260 _aİstanbul :
_bİlgi Kültür Sanat Yayıncılık,
_c2007
300 _a192 p.
650 4 _aDil ve Edebiyat
650 4 _aLanguage and Literature
650 0 _aAzeri romanı
650 0 _aAzerbaijani fiction
650 7 _aLITERARY COLLECTIONS / Russian & Former Soviet Union
_2bisacsh
700 1 _aHacaloğlu, Arif
856 4 0 _uhttp://search.ebscohost.com/login.aspx?direct=true&scope=site&db=e011xww&AN=782563
999 _c7053
_d7053